|
|
|
|
| LEADER |
00000nam0a2200000 4500 |
| 001 |
38460 |
| 005 |
20231101210512.0 |
| 035 |
|
|
|a (RuTPU)RU\TPU\book\39217
|
| 090 |
|
|
|a 38460
|
| 100 |
|
|
|a 20020306d2001 m y0rusy50 ca
|
| 101 |
0 |
|
|a rus
|
| 102 |
|
|
|a RU
|
| 105 |
|
|
|a a j 001zy
|
| 200 |
1 |
|
|a Зуборезные инструменты
|e учебное пособие
|f Д. В. Кожевников, С. В. Кирсанов
|g Томский политехнический институт (ТПИ), Институт дистанционного образования (ИДО)
|
| 210 |
|
|
|a Томск
|c Изд-во ТПУ
|d 2001
|
| 215 |
|
|
|a 79 с.
|c ил.
|
| 320 |
|
|
|a Библиогр.: с. 78.
|
| 606 |
1 |
|
|a Зуборезные инструменты
|x Расчет
|2 stltpush
|3 (RuTPU)RU\TPU\subj\11953
|9 38820
|
| 610 |
1 |
|
|a металлообработка
|
| 610 |
1 |
|
|a эвольвентное зацепление
|
| 610 |
1 |
|
|a червячные фрезы
|
| 610 |
1 |
|
|a зуборезные долбяки
|
| 610 |
1 |
|
|a шеверы
|
| 610 |
1 |
|
|a учебные пособия
|
| 610 |
1 |
|
|a труды учёных ТПУ
|
| 675 |
|
|
|a 621.9.02:621.833(075.8)
|v 3
|
| 700 |
|
1 |
|a Кожевников
|b Д. В.
|c специалист в области машиностроения
|c доцент Томского политехнического университета
|f 1928-2006
|g Дмитрий Васильевич
|2 stltpush
|3 (RuTPU)RU\TPU\pers\27953
|
| 701 |
|
1 |
|a Кирсанов
|b С. В.
|c специалист в области машиностроения
|c профессор Томского политехнического университета, доктор технических наук
|f 1949-
|g Сергей Васильевич
|2 stltpush
|3 (RuTPU)RU\TPU\pers\27879
|
| 712 |
0 |
2 |
|a Томский политехнический институт (ТПИ)
|b Институт дистанционного образования (ИДО)
|2 stltpush
|3 (RuTPU)RU\TPU\col\12626
|
| 801 |
|
1 |
|a RU
|b 63413507
|c 20020306
|g PSBO
|
| 801 |
|
2 |
|a RU
|b 63413507
|c 20201027
|g PSBO
|
| 942 |
|
|
|c BK
|